1348 1196 1311 1519 1165 1430 1668 1203 1013 1350 1512 1198 1559 1383 1570 1707 1617 1996 1267 1152 1044 1161 1545 1654 1386 1279 1670 1759 1969 1682 1813 1457 1291 1358 1968 1991 1093 1725 1518 1197 1382 1802 1954 1281 1703 1462 1351 1947 1372 1201 1816 1352 1345 1548 1455 1767 1221 1890 1129 1097 1133 1347 1478 1128 1598 1189 1523 1322 1617 1732 1616 1909 1066 1012 1969 1027 1669 1588 1669 1997 1046 1680 1727 1437 1872 1416 1667 1324 1122 1930 1446 1194 1332 1262 1498 1266 1445 1113 1948 BCNSPRNW ULIB Ver.6.0+V

เปลี่ยนเป็นภาษาไทย

Change to English
 แสดงรายละเอียดบรรณานุกรม
  กลับหน้าหลัก

Brief Record : Get Marc (ISO 2709) : E-mail record : QR code < ปิดหน้าต่าง
LEADER : 00000nam 2200000uu 4500
001    13399114546
003     ULIB
008    120412s2543||||th 000 0 tha d
020    ^a9747232243
060 04 ^aWA546^bอ658ร 2543
245 00 ^a(ร่าง) รูปแบบระบบบริการสุขภาพที่สอดคล้องกับสังคมไทยในสองทศวรรษหน้า/^cโครงการปฏิรูประบบบริการสาธารณสุข
250    ^aพิมพ์ครั้งที่ 2
260    ^aนนทบุรี :^bโครงการปฏิรูประบบบริการสาธารณสุข,^c2543
300    ^a95, [7] หน้า ;^c26 ซม.
500    ^aSend to Single Search
591    ^aLINU มีฉบับพิมพ์ครั้งที่ 1 พ.ศ. 2542
591    ^aLIRA มีฉบับพิมพ์ครั้งที่ 1 พ.ศ. 2542, มีฉบับพิมพ์ครั้งที่
591    ^aLISI มีฉบับพิมพ์ครั้งที่ 1 พ.ศ. 2542, มีฉบับพิมพ์ครั้งที่
650  4 ^aนโยบายด้านสุขภาพ^zไทย
650  4 ^aนโยบายสาธารณสุข^zไทย
650  4 ^aบริการทางการแพทย์^zไทย
650  4 ^aสาธารณสุข, การบริหาร^zไทย
650  4 ^aบริการสุขภาพ
650  4 ^aการส่งเสริมสุขภาพ
650  4 ^aสุขภาพ
700 0  ^aอารี วัลยะเสวี
710 2  ^aโครงการปฏิรูประบบบริการสาธารณสุข
945    ^p0^l0^i7527
995    ^aกัณชพร
999 ^a ใช้งานได้ทุกระบบ
รายการนี้ยังไม่มีแท็ก
คุณยังไม่ได้ล็อกอิน คุณสามารถมีกิจกรรมร่วมกับเว็บไซต์ได้ แต่ต้องล็อกอินก่อน ::
  ล็อกอิน

รายการสื่อสารสนเทศ

ลำดับที่ ประเภท เลขเรียก/บาร์โค้ด สถานที่ สถานะ
- ไม่พบข้อมูล -

รายการใกล้เคียง
    หัวเรื่อง [บริการสุขภาพ]
    หัวเรื่อง [การส่งเสริมสุขภาพ]
    หัวเรื่อง [สุขภาพ]

BibComment


ยังไม่เคยถูกคอมเมนท์

คอมเมนท์ทรัพยากรรายการนี้
  คอมเมนท์: ร่าง รูปแบบระบบบ..


 Copyright 2026. Bcnsprnw @Library